000 00684nam a2200277Ia 4500
005 20260324133346.0
008 008 260324s9999 xx 000 0 eng d
020 _a9780203708682
037 _aEBOOK
040 _aCRL
040 _beng
040 _cCRL
041 _2eng
041 _aeng
084 _qCRL
100 _aGiovanni A. Caravale; Domenico A. Tosato
_91192799
245 0 _aRicardo and the Theory of Value Distribution and Growth
260 _bTaylor and Francis
260 _c2003
365 _a
365 _b120
856 _uhttp://www.taylorfrancis.com/books/9780203708682
942 _cEBOOK
999 _c1791750
_d1791750